000 00465nam a2200157Ia 4500
003 OSt
005 20200625132714.0
008 190216s9999||||xx |||||||||||||| ||und||
040 _coclc
082 _a954
_bRAH/C
100 _aRahiman, K Abdu
_93239
245 0 _aCharithra Padanattinu Oru Amukham /
_cK Abdu Rahiman
260 _bKerala Basha Institute,
_c1978.
_aTrivandrum:
300 _a202p
942 _cBK
_2ddc
_h954
_iRAH/C
_k954
_mRAH/C
999 _c40300
_d40300